000 00833nam a2200253 i 4500
003 DO-SdBNP
005 20250624095822.0
007 ta
008 090925s1993 dr a 001 p spa d
040 _aDO-SdBNP
_bspa
_cBNPHU
_erda
082 4 _aRD861.44
_bB171v 1993
_222
100 1 _a Balaguer, Joaquín,
_d1906-2002
_976556
245 1 0 _aVoz silente /
_cJoaquín Balaguer ; prólogo Antonio Zaglul.
264 1 _aSanto Domingo :
_bEditora Corripio,
_c1993.
300 _a140 páginas :
_bilustraciones ;
_c23 cm.
336 _2rdacontent
_atexto
_btxt
337 _2rdamedia
_asin mediación
_bn
338 _2rdacarrier
_avolumen
_bnc
590 _aInventariado, 2024/LP
650 1 4 _aPoesía dominicana
_966
650 1 0 _aLiteratura dominicana.
_967
700 1 _aZaglul, Antonio,
_d1920-1996
_eprólogo
_969657
942 _2ddc
_cLBS1
999 _c56306
_d56306